Quizzes
Events
Quiz Creation
Community
Videos
Private Events
Remove Ads
Sign In
Join for FREE
Feedback
Dark Mode
Quiz Categories
Sports
Geography
Music
Movies
Television
Just For Fun
Miscellaneous
History
Literature
Language
Science
Gaming
Entertainment
Religion
Holiday
For Kids
Quiz Lab
Recent
Popular Today
Quiz Kudos Today
Editor Picks
Curator Picks
Quizzes by...
Day
Popularity
Type
Ratings
Length
Year
Community
Subscriptions
Recent Discussions
Orange Saloon
Badges
Playlists
Quests
Create
Leaderboards
Showdown
Live 5
Trivia Bingo
Activity
Puzzle Library
Sporcle Events
Private Events
Virtual Trivia
Globe League
Become a Host
Pub Owners
SporcleCon
Opinionation
Our Games
Videos
Blog
Mobile Apps
Partnerships
Remove Ads and Go Orange
Feedback
Entertainment
Celebrity
Famous
Musical
Broadway
Show
Quote
Comic Books
Anime
Superhero
DC Comics
Marvel
Cartoons
Animation
Entertainment
Celebrity
Famous
Musical
Broadway
Show
Quote
Comic Books
Anime
Superhero
DC Comics
Marvel
Cartoons
Animation
Random Quiz
Search Sporcle
×
Quiz Lab
Quiz Lab
Entertainment
Cars
Type in answers that appear in a list
Type in answers that appear in a list
Classic
Best Score? Go Orange.
Lexus-Scion Models by 2010 U.S. Sales Stats
Can you name the Lexus and Scion models sold in the U.S. in 2010, given their sales for that year?
By
EssessNine97
2m
12 Questions
391 Plays
391 Plays
391 Plays
Comments
Comments
Give Quiz Kudos
Give Quiz Kudos
-
- Ratings
hide this ad
More Info
Replay
Link that replays current quiz
Next Quiz
Link to next quiz in quiz playlist
You Got
0%
They Got
Avg Score
72%
Avg Friend Score
Upgrade to see
Score Distribution
Jump to the score distribution portion of the page
Score
0/12
Timer
02:00
0
Plays Today
Sales
Model
% Correct
34,129
Lexus IS
78%
12,275
Lexus LS
77.7%
95,790
Lexus RX
77.5%
15,204
Scion tC
74.9%
7,059
Lexus GS
74.9%
48,652
Lexus ES
74.7%
3,983
Lexus LX
74.7%
20,364
Scion xB
72.9%
328
Lexus SC
69.1%
16,450
Lexus GX
68.8%
10,110
Scion xD
67%
10,663
Lexus HS
60.9%
Quiz Playlist
Details
Report
Send in Message
Add To Playlist
More Info:
Check my list of contributed games for similar quizzes! (http://www.sporcle.com/user/EssessNine97/contributed)
Classic:
Type in answers that appear in a list
Quiz Source
Last Updated: Feb 16, 2017
Quiz Scoreboard
CHALLENGE
Sign Up to Join the Scoreboard
Show All
Scores
Hide
Comments
May contain spoilers
Recently Published
Street Fighter Characters
by Artimus82
Gaming
60s
9x9 Crossword: Cartoon Network
by jackfrog10
Miscellaneous
3m
College Basketball Coaching Resumes
by pancakes188
Sports
9m
More to Explore
Quiz From the Vault
Featured Blog Post
Where Did the Easter Bunny Come From?
hide this ad
You Might Also Like...
Tags
Cars Quiz
United States Quiz
2010
Best Selling
car
Industry
model
sale
Toyota
truck
Today's Top Quizzes in Entertainment
Browse Entertainment
hide this ad
Today's Top Quizzes in Cars
Browse Cars
Top Contributed Quizzes in Entertainment
1
7-to-1: DC Comics Villains
2
Marvel Characters Bunker
3
Eurovision 2023 Logic Puzzle
4
Dragon Ball Z: Goku's Fights in Order
5
Sorting Pictures: Villains
6
Criteria Quickie: Cartoon Taxonomy II
7
7-to-1: One Piece
8
Mini Trivia Sudoku: Musicals
9
Fictional Villains Letter U Blitz
10
Kamen Rider Motifs
Explore More
Trending Topics
Crossword
Harry Potter
Anime
Kpop
NBA
Marvel
Disney
The Office
Pokémon
WWE
NFL
Country
Puzzle
Song
Soccer
hide this ad
More By:
EssessNine97
Quiz
Plays
Rating
Category
Featured
Created
Best-Selling Car Brands (Europe)
64,174
4.52
Miscellaneous
Mar 8, 2012
A Tourist's View of Berlin
54,822
3.69
Geography
Aug 19, 2014
World's Largest Militaries by Firepower
19,201
4.60
Geography
Mar 30, 2011
Best-selling Car Brands (Europe 2010)
4,058
4.45
Entertainment
Mar 1, 2011
Berlin Boroughs and Localities (map)
2,644
5.00
Geography
Aug 20, 2014
Go to Creator's Profile
Score Distribution
Quiz Creator Spotlight
EssessNine97
Follow
Send a Message
Quizzes Created
-
Created Quiz Play Count
-
More By This Creator
Popular Quizzes Today
1
Find the US States - No Outlines Minefield
2
Find the Countries of Europe - No Outlines Minefield
3
The Countries of the World
4
Find the US States
5
Risky Map Clicking: Biggest States A-Z
6
US States
7
Popular People in 1961
8
Movies - When Are They Set?
More Entertainment Quizzes
The Ultimate Stranger Things 4 Quiz
Quiz Lab
Trending Quizzes
Risky Map Clicking: Least Populous States A-Z
1-10 Letter G Words
Risky Map Clicking: Next State Alphabetically
Adjectives in 80s TV Shows
The Seven Year Switch: Catherine
Recently Updated
Leaping Animals
pecheneg
Reality TV Shows (A-Z)
bhenderson79
Rickey Henderson's Hall of Fame Teammates
pecheneg
Champions League XIs: Arsenal
pecheneg
Quick Pick: Celebrities in WWE's Hall of Fame
aduchscher
A-Z Keypad Blitz II
pecheneg
Multiple Oscar Actors
pecheneg
Mystery Phrase Blitz: Oscar 'Best Actors'
pecheneg
F. Scott Fitzgerald Novels
LTH
Pick 3 Villains
ddd62291
Trending Topics
Marvel
NBA
Kpop
Anime
Harry Potter
Crossword
Disney
Soccer
Puzzle
NFL
The Office
Pokémon
WWE
Song
Country
Your Account Isn't Verified!
In order to create a playlist on Sporcle, you need to verify the email address you used during registration. Go to your
Sporcle Settings
to finish the process.
Report this User
Report this user for behavior that violates our
Community Guidelines
.
Details:
Send Report
Go to the Sporcle.com Mobile Site →
Comments